000 00730cam a2200253 a 4500
001 32174
003 BD-RjUL
005 20211209051810.0
008 140424r19601952ii b 000 0 eng d
035 _a(BD-RjUL)32263
040 _aLC
_beng
_cLC
_dNNCU:A
_dANL
_dBD-RjUL
041 0 _aeng
_asan
082 0 4 _a181.452
_219
_bBAY 1960
100 0 _aBallantyne, J. R.
_997919
245 1 0 _aYoga-sutra of Patanjali /
_cJ.R. Ballantyne and Govind Sastri Deva.
250 _a2nd ed.
260 _aCalcutta :
_bSusil Gupta,
_c1952 [Reprinted 1960]
300 _a114 p. ;
_c23 cm.
650 0 _aYoga.
_997920
700 1 _aSastri, Govind Deva.
_997921
942 _2ddc
_cBK
_01
999 _c32174
_d32174